000 00782nas a2200265 4500
001 BR2017001817
003 BR-BrBNA
005 20231205131015.0
007 ta
008 230509b bl.|||p| |||| 00| 00por d
040 _aBR-BrBNA
_bpor
_cBiblioteca Nacional de Agricultura
041 _a(Pt)
072 _aL73; L70
100 1 _aLopes, P.L.
245 1 _aFebre aftosa - O Brasil está a um passo de ser livre sem vacinação
650 _aDOENÇA ANIMAL
650 _aAFTOSA
650 _aINSPEÇÃO SANITÁRIA
650 _aVETERINÁRIA
650 _aPROFILAXIA
650 _aDEFESA ANIMAL
773 0 _tRevista CFMV (Brazil)
_xISSN 1517-6959
_g(Apr-Jun 2017), v. 23(73) p. 21-25
_wBR2017001817
909 _a202311
_bLúcia
_c55
_dLúcia Elande
942 _2AGRIS
_n0
_cANA
999 _c252550
_d252550